00455nam a2200133 a 450000100100000000500170001000800410002704000250006824500440009326000420013730000200017995201050019999900170030400003907420201002031502.0130520s1954 dr 000 0 spa d aDO-SdBNPbspacBNPHU00aTrujillo :bun viaje de reafirmaciones. aCiudad Trujillo :bDel Caribe,c1954. a33 p. ;c24 cm. 001050718RVaPDbPDcCTd2013-05-20iLF1l0o p39074-10r2020-06-25w2020-06-25y1ZNo se presta c38564d38564